| 000 | 01074nam0a22002651 4500 | ||
|---|---|---|---|
| 001 | rc\4132937 | ||
| 005 | 20260407235734.0 | ||
| 021 |
_aRU _b[48-27987] |
||
| 035 | _a(NLR Aleph) 008158725 | ||
| 090 |
_a7794293 _c7794293 |
||
| 100 | _a20130415d1948 |||y0rusy50 ca | ||
| 101 | 0 | _arus | |
| 102 | _aRU | ||
| 105 | _ay z ||||| | ||
| 200 | 1 |
_aПроспект лекций по физике _e[В помощь учителю физики] _fСост. науч. сотр. Моск. планетария _gПод ред. методиста по физике Мосгороно Европина Ю.П. _gМоск. планетарий |
|
| 210 |
_a[Москва] _cТип. газ. "Тревога" _d1948 |
||
| 215 |
_a40 с. _d14 |
||
| 606 |
_aФизика _xТематика лекций _2psbo |
||
| 702 | 1 |
_aЕвропина _bЮ.П. _gЮрий Павлович _4340 |
|
| 710 | 0 | 2 |
_aМосковский планетарий _3RU\NLR\AUTH\8810163229 _9822404 |
| 801 | 0 |
_aRU _bNLR _gpsbo |
|
| 801 | 1 |
_aRU _bELAR _2rusmarc |
|
| 852 |
_aNLR _jПр80 Г-2/163 |
||
| 942 | _cBOOK | ||
| 980 | _aNB | ||